Η γυφτοπούλα

Saved in:
Bibliographic Details
Main Author: Παπαδιαμάντης, Αλέξανδρος, 1851-1911
Format: Book
Language:Greek
Published: Αθήνα : Τα Νέα, 2011.
Series:Αριστουργήματα νεοελληνικής λογοτεχνίας.
Subjects:
Tags: Add Tag
No Tags, Be the first to tag this record!

MARC

LEADER 00000cam a2200000 a 4500
001 1/110054
008 160224s2011####gr |||||||||||||| ||gre||
020 |a 9789604699179 
040 |a GR-MyUa  |b gre  |c GR-MyUa  |e AACR2 
041 0 |a gre 
082 7 |a 889.32  |2 (23)  
100 1 |a Παπαδιαμάντης, Αλέξανδρος,   |d 1851-1911. 
245 0 3 |a Η γυφτοπούλα /   |c Αλέξανδρος Παπαδιαμάντης.  
260 |a Αθήνα :   |b Τα Νέα,   |c 2011.  
300 |a 462 σ.   |c 16 εκ.  
490 1 |a (Αριστουργήματα νεοελληνικής λογοτεχνίας ;   |v 2)  
650 0 |a Greek literature, Modern. 
650 0 |a Greek fiction, Modern. 
830 0 |a Αριστουργήματα νεοελληνικής λογοτεχνίας. 
852 |a INST  |b LESVOS  |e 20160224  |h 889.32 ΠΑΠ  |p 005100057322  |q 005100057322  |t BK  |y 0 
970 |a Καμάτσου  |b Δέσποινα  |z 24-02-2016